Gaming Quiz

Random Gaming Quiz

Call Of Duty 3 Quiz Stats

 Plays Quiz not verified by Sporcle

Support Sporcle.
Go Orange.
Score 0/20 Timer 12:00
0 Plays Today
% Correct
ak 47
100%
m16
100%
ak74
50%
fad
50%
aa12
50%
MONEYKID
50%
acr
25%
mp5
25%
cross bow
0%
scorpian
0%
% Correct
scar-l
0%
mp412
0%
m14 ebr
0%
model 1887
0%
p99
0%
striker
0%
m320
0%
ksg
0%
g36
0%
fmg
0%

You're not logged in!

Compare scores with friends on all Sporcle quizzes.
OR
Log In

From the Vault

Finish the Literature Title II

by strokes_static

Just look at your high school reading list? Maybe. We're not sure everyone has had a different one.
Remove Ads.
Support Sporcle.
Get the best of Sporcle when you Go Orange. This ad-free experience offers more features, more stats, and more fun while also helping to support Sporcle. Thank you for becoming a member.

Show Comments

Extras

Created Feb 29, 2012ReportNominate
Tags:Call of Duty, gun

Top Quizzes Today


Score Distribution

Your Account Isn't Verified!

In order to create a playlist on Sporcle, you need to verify the email address you used during registration. Go to your Sporcle Settings to finish the process.

Report this User

Report this user for behavior that violates our Community Guidelines.

Details: